Detalles MARC
| 000 -CABECERA |
| campo de control de longitud fija |
01657nam a2200253 i 4500 |
| 003 - IDENTIFICADOR DEL NÚMERO DE CONTROL |
| campo de control |
DO-SdBNP |
| 005 - FECHA Y HORA DE LA ÚLTIMA TRANSACCIÓN |
| campo de control |
20240305094430.0 |
| 006 - CÓDIGOS DE INFORMACIÓN DE LONGITUD FIJA--CARACTERÍSTICAS DEL MATERIAL ADICIONAL |
| campo de control de longitud fija |
a||||gr|||| 00| 0 |
| 007 - CAMPO FIJO DE DESCRIPCIÓN FÍSICA--INFORMACIÓN GENERAL |
| campo de control de longitud fija |
ta |
| 008 - DATOS DE LONGITUD FIJA--INFORMACIÓN GENERAL |
| campo de control de longitud fija |
230623e1949 dr ||||| |||| 00| 0 spa d |
| 040 ## - FUENTE DE LA CATALOGACIÓN |
| Centro catalogador/agencia de origen |
DO-SdBNP |
| Lengua de catalogación |
spa |
| Centro/agencia transcriptor |
BNPHU |
| Normas de descripción |
rda |
| 082 #4 - NÚMERO DE LA CLASIFICACIÓN DECIMAL DEWEY |
| Número de documento/Ítem |
C117d |
| Número de edición |
22 |
| 100 1# - ENTRADA PRINCIPAL--NOMBRE DE PERSONA |
| Nombre de persona |
Cabral, Manuel del, |
| Fechas asociadas al nombre |
1907-1999 |
| Término indicativo de función/relación |
autor |
| 9 (RLIN) |
23556 |
| 245 10 - MENCIÓN DE TÍTULO |
| Título |
De este lado del mar. / |
| Mención de responsabilidad, etc. |
Manuel del Cabral. |
| 264 #1 - PRODUCCIÓN, PUBLICACIÓN, DISTRIBUCIÓN, FABRICACIÓN Y COPYRIGHT |
| Producción, publicación, distribución, fabricación y copyright |
Ciudad Truillo : |
| Nombre del de productor, editor, distribuidor, fabricante |
Dominicana, C. por A., |
| Fecha de producción, publicación, distribución, fabricación o copyright |
1949 |
| 300 ## - DESCRIPCIÓN FÍSICA |
| Extensión |
125 páginas ; |
| Dimensiones |
21 cm. |
| 336 ## - TIPO DE CONTENIDO |
| Fuente |
rdacontent |
| Término de tipo de contenido |
texto |
| Código de tipo de contenido |
txt |
| 337 ## - TIPO DE MEDIO |
| Fuente |
rdamedia |
| Nombre/término del tipo de medio |
sin medición |
| Código del tipo de medio |
n |
| 338 ## - TIPO DE SOPORTE |
| Fuente |
rdacarrier |
| Nombre/término del tipo de soporte |
volumen |
| Código del tipo de soporte |
nc |
| 505 ## - NOTA DE CONTENIDO CON FORMATO |
| Nota de contenido con formato |
Palabras preliminares. |
| Información miscelánea |
DE ESTE LADO DEL MAR: |
| Título |
Sitio del sueño.-- Oda al hombre que viene.-- Madera sin tiempo.-- País entre dos mares.-- Voz complementaria.-- Elegía bruta.-- Cuando comprendas.-- Color de agua.-- Palabra.-- Hombre y perro.-- Un canto para Franklyn.-- Oda para otro idioma.-- Viejo chino de Brooklyn.-- Sol gallero.-- Manuel y su cadáver.-- Indio.-- De este lado del mar.-- Oda a Colá.--Tema para mi instinto.-- Tiempo de crecer.-- Destrucción para ser.--Niño muerto en un patio.-- Amistad con el día.-- Aire de Carne.-- Tiempo de la tierra.-- Nocturno con soldado. |
| Información miscelánea |
OTROS POEMAS: |
| Título |
Piedra.-- El viento.-- Poesía.-- Dios y el hombre.-- A Erasmo de Rotterdan.-- Viejo avaro.-- Gota.-- Hombre.-- Tierra.-- Viaje.-- Voz.-- Hondero.-- Vida.-- Hoy ha muerto el viejito que hacía versos.-- Por el camino de un sonrisa.-- Agua de carne.-- Luz herida.-- |
| Información miscelánea |
DOS POEMAS PARA CERRA: |
| Título |
Quintillas para Bolívar.-- ¿Y mañana? |
| 590 ## - NOTA LOCAL (RLIN) |
| Nota local |
Inventariado 2023 / MF |
| 910 ## - DATOS DE OPCIÓN DEL USUARIO (OCLC) |
| Datos de opción del usuario |
MF |
| 942 ## - ELEMENTOS DE PUNTO DE ACCESO ADICIONAL (KOHA) |
| Fuente del sistema de clasificación o colocación |
Dewey Decimal Classification |
| Tipo de ítem Koha |
Libro |